Financing your small business / (Record no. 3582)

MARC details
000 -LEADER
fixed length control field 01093cam a22002414a 4500
020 ## - INTERNATIONAL STANDARD BOOK NUMBER
ISBN 1572484500 (pbk. : alk. paper)
022 ## - INTERNATIONAL STANDARD SERIAL NUMBER
ISSN 9781572484504
022 ## - INTERNATIONAL STANDARD SERIAL NUMBER
ISSN 760789208263
050 00 - CALL NUMBER
Classification number HG4027.7
Item number .B855
100 1# - AUTHOR
Personal name Burk, James E.
245 10 - TITLE
Title Financing your small business /
Statement of responsibility, etc By James E. Burk & Richard P. Lehman.
250 ## - EDITION
Edition statement 1st ed.
260 ## - PUBLICATION INFORMATION
Place of publication Naperville, Ill. :
Name of publisher Sphinx Pub.,
Year of publication c2004.
300 ## - DESCRIPTION
Number of Pages xiv, 248 p. ;
Dimensions 24 cm.
500 ## - NOTES
General note Includes index.
505 ## - FORMATTED CONTENTS NOTE
Table of Content Choosing the form of your business --<br/>Business strategy, planning, and feasibility analysis --<br/>Equity financing --<br/>Debt financing --<br/>Securities law --<br/>Licensing and franchising --<br/>Friends, angels, and venture capital sources --<br/>Presentations and the language of capital --<br/>Corporate governance --<br/>How to choose professionals.
650 #0 - SUBJECTS
Topical Term Small business
General subdivision Finance.
650 #0 - SUBJECTS
Topical Term Small business
General subdivision Finance
-- Law and legislation
650 #0 - SUBJECTS
Topical Term New business enterprises
General subdivision Finance.
650 #0 - SUBJECTS
Topical Term New business enterprises
General subdivision Finance
-- Law and legislation
700 1# - OTHER AUTHORS
Personal name Lehman, Richard P.,
942 ## - ADDED ENTRY ELEMENTS (KOHA)
Koha item type Books
Holdings
Withdrawn status Lost status Collection code Home library Current library Shelving location Date acquired Full call number Accession Number Koha item type
    Reference Methodist University Library Main Methodist University Library Main General Stacks 21/01/2013 HG4027.7 .B855 36934 Books
Copyright © 2026  MUG Library